00533nam a2200145Ia 4500008004100000020001800041041000800059082001500067100002500082245006400107260003100171300000900202999001700211952015900228220803s9999 xx 000 0 und d a9788179931851 aeng a720.47 RAM aRamachandra T925436 aSoil And Groundwater Pollution From Agricultural Activities aNew DelhibTeri Pub.c2014 a352p c16218d16218 001040708Book of M Arch EAaBNCAbBNCAd2016-09-13eWord Bookg420.00l0o720.47 RAMpBNCA-BK-9891r2022-08-03 00:00:00v420.00w2016-09-08yBKzB09891